Online
Catalog

Aquí descansa nuestro soberano / (Record no. 4229)

MARC details
000 -CABECERA
campo de control de longitud fija 00998cam a2200265 a 4500
001 - NÚMERO DE CONTROL
campo de control 000004420
005 - FECHA Y HORA DE LA ÚLTIMA TRANSACCIÓN
campo de control 20200929151435.0
008 - DATOS DE LONGITUD FIJA--INFORMACIÓN GENERAL
campo de control de longitud fija 730511s1994 sp 000 f spa
020 ## - NÚMERO INTERNACIONAL ESTÁNDAR DEL LIBRO
Número Internacional Estándar del Libro 8425326672
040 ## - FUENTE DE LA CATALOGACIÓN
Centro catalogador/agencia de origen DO-SdBNP
Centro/agencia transcriptor DLC
Centro/agencia modificador DLC
041 17 - CÓDIGO DE LENGUA
Código de lengua del texto/banda sonora o título independiente spa
Código de lengua original eng
Fuente del código Código de idioma MARC
082 ## - NÚMERO DE LA CLASIFICACIÓN DECIMAL DEWEY
Número de clasificación 823.914
Número de documento/Ítem P698a
100 1# - ENTRADA PRINCIPAL--NOMBRE DE PERSONA
Nombre de persona Plaidy, Jean,
Fechas asociadas al nombre 1906-1993.
Forma completa/desarrollada del nombre Victoria Holt.
9 (RLIN) 12984
240 10 - TÍTULO UNIFORME
Título uniforme Aquí descansa nuestro soberano.
Lenguaje de la obra Español
245 10 - MENCIÓN DE TÍTULO
Título Aquí descansa nuestro soberano /
Mención de responsabilidad, etc. Jean Plaidy ; traducción de Mireia Carol.
260 ## - PUBLICACIÓN, DISTRIBUCIÓN, ETC.
Lugar de publicación, distribución, etc. Barcelona :
Nombre del editor, distribuidor, etc. Grijalbo,
Fecha de publicación, distribución, etc. 1994.
300 ## - DESCRIPCIÓN FÍSICA
Extensión 343 p. ;
Dimensiones 23 cm.
490 1# - MENCIÓN DE SERIE
Mención de serie Bestseller Oro.
534 ## - NOTA SOBRE LA VERSIÓN ORIGINAL
Encabezamiento principal del original Título original:
Mención de título del original Here lies our sovereign Lord.
600 14 - PUNTO DE ACCESO ADICIONAL DE MATERIA--NOMBRE DE PERSONA
Nombre de persona CHARLES,
Numeración II,
Títulos y otros términos asociados al nombre REY DE INGLATERRA
Fechas asociadas al nombre 1630-1685
Subdivisión general FICCIÓN
9 (RLIN) 12985
651 #4 - PUNTO DE ACCESO ADICIONAL DE MATERIA--NOMBRE GEOGRÁFICO
Nombre geográfico Gran Bretaña
Subdivisión general Historia
Subdivisión cronológica CHARLES, 1600 -1685
Subdivisión general Ficción
9 (RLIN) 12986
651 #4 - PUNTO DE ACCESO ADICIONAL DE MATERIA--NOMBRE GEOGRÁFICO
Nombre geográfico Gran Bretaña
Subdivisión general Reyes Y Gobernantes
-- Ficción
9 (RLIN) 12987
700 1# - PUNTO DE ACCESO ADICIONAL--NOMBRE DE PERSONA
Nombre de persona Caral, Mareia,
Término indicativo de función/relación tr.
9 (RLIN) 12988
830 #0 - PUNTO DE ACCESO ADICIONAL DE SERIE-TÍTULO UNIFORME
Título uniforme Bestseller Oro.
9 (RLIN) 10720
Holdings
Estado de retiro Estado de pérdida Restricciones de uso No para préstamo Código de colección Localización permanente Ubicación/localización actual Ubicación en estantería Fecha de adquisición Número de inventario Total de préstamos Signatura topográfica completa Código de barras Fecha visto por última vez Precio válido a partir de Tipo de ítem Koha
        Monografías: Libros y Folletos General General En catalogación 25.03.2010 LF1   823.914 P698a 4420-20 25.06.2020 25.06.2020 Préstamo en sala

Powered by Koha